| 000 | 00447nam a2200181Ia 4500 | ||
|---|---|---|---|
| 005 | 20250423100245.0 | ||
| 008 | 250422s9999 xx 000 0 und d | ||
| 020 | _a0-563-52201-1 | ||
| 050 | _aHC 286.3 .L49/ | ||
| 100 | _aLewis, Paul | ||
| 245 | 0 | _aMoney magic : essential steps to balabnce your books and your life | |
| 260 | _aLondon | ||
| 260 | _bBBC Active | ||
| 260 | _c2005 | ||
| 300 | _a208 p | ||
| 650 | _aEducation | ||
| 942 | _cBK | ||
| 999 |
_c32757 _d32757 |
||